Public water supplies in central and north-central Texas / (Record no. 28384)

MARC details
000 -LEADER
fixed length control field 01235cam a22002891a 4500
001 - CONTROL NUMBER
control field gs 49000156
003 - CONTROL NUMBER IDENTIFIER
control field DLC
005 - DATE AND TIME OF LATEST TRANSACTION
control field 20260227111355.0
008 - FIXED-LENGTH DATA ELEMENTS--GENERAL INFORMATION
fixed length control field 761113s1949 dcuabf f001 0 eng
010 ## - LIBRARY OF CONGRESS CONTROL NUMBER
LC control number gs 49000156
035 ## - SYSTEM CONTROL NUMBER
System control number (OCoLC)2556741
040 ## - CATALOGING SOURCE
Original cataloging agency DLC
Transcribing agency Tx
Modifying agency DNAL
-- DLC
050 00 - LIBRARY OF CONGRESS CALL NUMBER
Classification number TC801
Item number .U2 no. 1069
070 0# - NATIONAL AGRICULTURAL LIBRARY CALL NUMBER
Classification number 407
Item number G29W no.1069
072 #0 - SUBJECT CATEGORY CODE
Subject category code P200
100 1# - MAIN ENTRY--PERSONAL NAME
Personal name Sundstrom, R. W.
245 10 - TITLE STATEMENT
Title Public water supplies in central and north-central Texas /
Statement of responsibility, etc. by R.W. Sundstrom, W.L. Broadhurst, and B.C. Dwyer ; prepared in cooperation with the Texas Board of Water Engineers.
260 ## - PUBLICATION, DISTRIBUTION, ETC.
Place of publication, distribution, etc. Washington, D.C. :
Name of publisher, distributor, etc. U.S. G.P.O.,
Date of publication, distribution, etc. 1949.
300 ## - PHYSICAL DESCRIPTION
Extent vii, 128 p., [1] folded leaf of plates :
Other physical details ill., map ;
Dimensions 24 cm.
440 #0 - SERIES STATEMENT/ADDED ENTRY--TITLE
Title Geological Survey water-supply paper ;
Volume/sequential designation 1069
500 ## - GENERAL NOTE
General note Includes index.
501 ## - WITH NOTE
With note With: Geology and ground-water resources of St. Croix, Virgin Islands : ground-water resources of a moderately dry Caribbean island / by D.J. Cederstrom. Washington : Govt. Print. Off., 1950. Bound together subsequent to publication.
Institution to which field applies DLC
650 #0 - SUBJECT ADDED ENTRY--TOPICAL TERM
Topical term or geographic name entry element Water-supply
Geographic subdivision Texas.
650 #0 - SUBJECT ADDED ENTRY--TOPICAL TERM
Topical term or geographic name entry element Water
General subdivision Composition.
700 1# - ADDED ENTRY--PERSONAL NAME
Personal name Broadhurst, W. L.
Fuller form of name (William Leslie),
Dates associated with a name 1905-
700 1# - ADDED ENTRY--PERSONAL NAME
Personal name Dwyer, B. C.

No items available.

Powered by Koha